00558 2200217 4500001002100000005001500021035002000036007000300056008004100059020002200100082001100122084001700133100001600150245006400166250001000230260003200240300002500272650002100297990001100318990001100329INLIS00000000000118720180109101437 a0010-0118000005ta180109 g 0 ind  a978-602-73013-9-9 a297.77 a297.77 ABD m0 aAbdul Manab1 aManajemen Kurikulum Pembelajaran di Madrasah /cAbdul Manab aCet.1 aJakarta :bKalimedia,c2015 a219hlm ++ ;c15x21cm aPendidikan Islam a5657 a a5657 b